| Record ID | ia:herewegoroundmul00pama |
| Source | Internet Archive |
| Download MARC XML | https://archive.org/download/herewegoroundmul00pama/herewegoroundmul00pama_marc.xml |
| Download MARC binary | https://www.archive.org/download/herewegoroundmul00pama/herewegoroundmul00pama_meta.mrc |
LEADER: 01913cam 22005178a 4500
001 ocm47776928
003 OCoLC
005 20160208101508.0
008 010808s2001 enka j 000 0 eng
040 $aUKM$beng$cUKM$dOCLCQ$dBAKER$dBTCTA$dALEML$dNYP$dOCLCQ$dBDX$dOCLCQ
015 $aGBA1W1307$2bnb
020 $a0859537951
020 $a9780859537957
035 $a(OCoLC)47776928
050 4 $aM1991.H37$bK82 2001
082 04 $a398.8$221
100 1 $aKubler, Annie,$d1960-
245 10 $aHere we go round the mulberry bush /$cillustrated by Annie Kubler.
260 $aSwindon :$bChild's Play,$c2001.
300 $a16 pages :$bchiefly color illustrations ;$c16 x 16 cm.
336 $atext$btxt$2rdacontent
337 $aunmediated$bn$2rdamedia
338 $avolume$bnc$2rdacarrier
490 1 $aClassic books with holes
500 $aBoard book.
520 $aThrough the use of die-cutting, this book tells the story of the nursery rhyme "Here we Go Round the Mulberry Bush." The holes in the pages are designed to draw the reader on through the book. The nursery rhyme is updated to reflect the everyday activities of 21st-century children.
650 0 $aNursery rhymes.
655 0 $aPicture books for children.
830 0 $aClassic books with holes.
938 $aBaker & Taylor$bBKTY$c5.99$d4.49$i0859537951$n0003758706$sactive
938 $aBrodart$bBROD$n57314241$c$5.99
938 $aBaker and Taylor$bBTCP$nbl2008005945
029 1 $aAU@$b000027380694
029 1 $aAU@$b000043911334
029 1 $aNOK$b0859537951
029 1 $aNZ1$b6435723
029 1 $aUKBCI$b071012656
029 1 $aUKBNS$b071012656
029 1 $aUKDEL$b071012656
029 1 $aUKPMH$b0859537951
029 1 $aUKSCO$b071012656
029 1 $aUKSGC$b071012656
029 1 $aUKSOM$b071012656
029 1 $aUNITY$b071012656
994 $aZ0$bPMR
948 $hNO HOLDINGS IN PMR - 195 OTHER HOLDINGS